Management/ (Record no. 363727)
[ view plain ]
| 000 -LEADER | |
|---|---|
| fixed length control field | 00408nam a2200145Ia 4500 |
| 008 - FIXED-LENGTH DATA ELEMENTS--GENERAL INFORMATION | |
| fixed length control field | 200619s9999 xx 000 0 und d |
| 020 ## - INTERNATIONAL STANDARD BOOK NUMBER | |
| International Standard Book Number | 0-618-27391-3 |
| 100 ## - MAIN ENTRY--PERSONAL NAME | |
| Personal name | Kreitner, Robert |
| 245 ## - TITLE STATEMENT | |
| Statement of responsibility, etc | Robert Kreitner.-- |
| Title | Management/ |
| 250 ## - EDITION STATEMENT | |
| Edition statement | 9th ed. |
| 260 ## - PUBLICATION, DISTRIBUTION, ETC. (IMPRINT) | |
| Place of publication, distribution, etc | New York : |
| Name of publisher, distributor, etc | Houghton Mifflin Company |
| Date of publication, distribution, etc | 2004 |
| 300 ## - PHYSICAL DESCRIPTION | |
| Extent | xxv, 596 pages |
| 500 ## - GENERAL NOTE | |
| General note | Includes Reference, and Index |
| 650 ## - SUBJECT ADDED ENTRY--TOPICAL TERM | |
| Topical term or geographic name as entry element | Management |
| Withdrawn status | Lost status | Damaged status | Home library | Current library | Shelving location | Date acquired | Total Checkouts | Full call number | Barcode | Date last seen | Price effective from | Koha item type |
|---|---|---|---|---|---|---|---|---|---|---|---|---|
| Southville International School Affiliated with Foreign Universities Library | Southville International School Affiliated with Foreign Universities Library | Southville Foreign University Section | 06/19/2020 | HD 31 .K92 2004 | SFU0926 | 06/19/2020 | 06/19/2020 | Books |